| 000 | 01762nam a22003135i 4500 | ||
|---|---|---|---|
| 001 | 163338 | ||
| 003 | ES-MaACL | ||
| 005 | 20250821063102.0 | ||
| 008 | 960708s1897 sp aef |||| | spa d | ||
| 100 | 1 |
_aRepullés y Vargas, Enrique María, _d1845-1922 _996277 |
|
| 245 | 1 | 0 |
_aEscuela de Ingenieros de Minas de Madrid y Laboratorio de Gómez Pardo : _bproyectos y dirección del arquitecto del Ministerio de Fomento Excmo. Sr. D. Ricardo Velázquez Bosco : monografía / _cpor Don Enrique María Repullés y Vargas. |
| 260 |
_aMadrid : _b[s.n.], _c1897 ( _fImp. del Asilo de Huérfanos) |
||
| 300 |
_a34 p., [7] h. de lám., [3] h. de planos : _bil. ; _c32 cm. |
||
| 490 | 1 | _aBiblioteca del "Resumen de arquitectura" / editada por Don Antero de Oteyza y Barinaga | |
| 530 | _aDisponible en formato digital. | ||
| 597 | _aAntep. | ||
| 597 | _aLetras capitales. | ||
| 599 | _aLám.: fototipias de Hauser y Menet; Ilustraciones de Mario López [Felipe Mario López Blanco] | ||
| 610 | 2 | 4 |
_aEscuela de Ingenieros de Minas (Madrid)- _xEdificios. _9147499 |
| 700 | 1 |
_aVelázquez Bosco, Ricardo, _d1843-1923 _9113808 |
|
| 700 | 1 |
_aLópez Blanco, Felipe Mario. _9172736 |
|
| 700 | 1 |
_aOteyza y Barinaga, Antero de. _9130741 |
|
| 710 | 2 |
_aHauser y Menet (Madrid) _94558 |
|
| 830 | 1 |
_aBiblioteca del "Resumen de arquitectura" / editada por Don Antero de Oteyza y Barinaga _9188427 |
|
| 852 | 4 |
_aES-MaACL _jB-11447 _z- Enc. tela verde, con hierros dorados |
|
| 856 | 4 |
_uhttp://bdh-rd.bne.es/viewer.vm?id=0000073288&page=1 _zBiblioteca Digital Hispánica |
|
| 856 | 4 |
_uhttps://bibliotecavirtualmadrid.comunidad.madrid/bvmadrid_publicacion/es/consulta/registro.do?id=250 _zBiblioteca Digital de la Comunidad de Madrid |
|
| 999 |
_c163338 _d163338 |
||